00688nam a2200169 a 450000100100000000500170001000800410002702000180006804000250008610000280011124501210013925000120026026000420027230000210031450501130033550000700044800004421220201002045223.0140610s2008 dr 000 0 spa d a9789993494256 aDO-SdBNPbspacBNPHU1 aGarrido, José Orlando14aLas 100 causas de la riqueza y la pobreza :beconómia, intelectual, espiritual y humana /cJosé Orlando Garrido. a2a. ed. aSanto Domingo :bPrográfica,c2008. a148 p. ;c22 cm.0 a¿Cómo lograr el éxito completo?tCuando no lo alcazamos, ¿de quién necesitamos ayuda para obtenerlo? aIncluye datos biográficos del autor en la solapa de la cubierta